HCAC Logo Quiz - Statistics

General Stats
  • This quiz has been taken 2 times
  • The average score is 4 of 10
Answer Stats
Picture Answer % Correct
Mount St. Joseph
100%
Rose-Hulman
100%
Transylvania
100%
Earlham
50%
Hanover
50%
Anderson
0%
Berea
0%
Bluffton
0%
Franklin
0%
Manchester
0%
No matching quizzes found
Score Distribution
Percent of People with Each Score
Percentile by Number Answered
Your Score History
You have not taken this quiz